| 000 | 00436nam a22001217a 4500 | ||
|---|---|---|---|
| 999 |
_c18721 _d18721 |
||
| 008 | 210121b xxu||||| |||| 00| 0 eng d | ||
| 050 |
_aGMF0178 _b.C44 2018 c.1 |
||
| 100 | _aChepkorir, Vineeta | ||
| 245 |
_aFactors influencing financial performance of the food and beverages sector in Nakuru county, Kenya _cVineeta Chepkorir |
||
| 260 |
_aKabarak, Nakuru, Kenya _bKabarak University _c2018 |
||
| 300 | _a83 leaves | ||
| 942 |
_2lcc _cTHE |
||